|
|
|
|
| LEADER |
00000nbm0a2200000 4500 |
| 001 |
352260 |
| 005 |
20231102010500.0 |
| 035 |
|
|
|a (RuTPU)RU\TPU\retro\8662
|
| 090 |
|
|
|a 352260
|
| 100 |
|
|
|a 20191204d1975 k y0rusy50 ca
|
| 101 |
0 |
|
|a rus
|
| 102 |
|
|
|a RU
|
| 105 |
|
|
|a a m 001zy
|
| 200 |
1 |
|
|a Исследование процесса высокоскоростного шлифования кругами на керамической связке
|e диссертация на соискание ученой степени кандидата технических наук
|f Б. Ф. Шеркунов
|g Томский политехнический институт ; науч. рук. Г. Л. Куфарев, В. А. Говорухин
|
| 210 |
|
|
|a Томск
|c [Б. и.]
|d 1975
|
| 215 |
|
|
|a 221 л.
|c ил.
|
| 320 |
|
|
|a Библиогр.: с. 204-221 (192 назв.)
|
| 606 |
1 |
|
|a Шлифование металлов, скоростное
|2 stltpush
|3 (RuTPU)RU\TPU\subj\19361
|9 44616
|
| 610 |
1 |
|
|a высокоскоростные шлифовальные круги
|
| 610 |
1 |
|
|a армированные круги
|
| 610 |
1 |
|
|a прочность
|
| 610 |
1 |
|
|a силы резания
|
| 610 |
1 |
|
|a исследование
|
| 610 |
1 |
|
|a поверхностный слой
|
| 610 |
1 |
|
|a качество
|
| 610 |
1 |
|
|a температура
|
| 610 |
1 |
|
|a керамические круги
|
| 610 |
1 |
|
|a работоспособность
|
| 610 |
1 |
|
|a подшипники
|
| 610 |
1 |
|
|a желоба
|
| 610 |
1 |
|
|a диссертации
|
| 675 |
|
|
|a 621.923.014(04)
|v 4
|
| 700 |
|
1 |
|a Шеркунов
|b Б. Ф.
|
| 702 |
|
1 |
|a Куфарев
|b Г. Л.
|c российский ученый
|c ведущий специалист томской школы резания металлов
|c Заслуженный профессор Томского политехнического университета
|f 1927-1999
|g Георгий Леонидович
|2 stltpush
|3 (RuTPU)RU\TPU\pers\19830
|4 727
|
| 702 |
|
1 |
|a Говорухин
|b В. А.
|4 727
|
| 712 |
0 |
2 |
|a Томский политехнический институт
|c (1944-1991)
|2 stltpush
|3 (RuTPU)RU\TPU\col\1123
|9 23521
|
| 801 |
|
1 |
|a RU
|b 63413507
|c 20191204
|
| 942 |
|
|
|c BK
|